| 000 | 00533nam a2200229 a 4500 | ||
|---|---|---|---|
| 001 | nice12345678 | ||
| 003 | IN_TiNIC | ||
| 005 | 20260116012159.0 | ||
| 008 | 070621s1937 bada grs 000 0 gug | ||
| 020 |
_a _c10 |
||
| 082 | 0 | 0 |
_a220.13 _bGAI1 |
| 100 | _aGairdner, W H T | ||
| 245 | _aIlham in Gujarati | ||
| 260 |
_aBadaun _bNo Publisher _c1937 |
||
| 300 | _a48p | ||
| 500 | _aincludes index and biblioraphy | ||
| 650 | _aInspiration | ||
| 700 | 1 | _aGairdner, W H T | |
| 902 | _bSRS | ||
| 942 | _cPS | ||
| 999 |
_c5968 _d5968 |
||